Oscar Best Director - Double Winners - Statistics

General Stats
  • This quiz has been taken 318 times
    180 since last reset
  • The average score is 11 of 21
Answer Stats
years director % Correct
1994 1999 Steven Spielberg
85%
1935 1937 1939 Frank Capra
84%
1936 1941 1942 1953 John Ford
74%
2013 2018 Alfonso Cuarón
73%
1993 2005 Clint Eastwood
71%
2014 2015 Alejandro González Iñárritu
68%
2006 2013 Ang Lee
58%
1945 1961 Billy Wilder
56%
1943 1947 1960 William Wyler
56%
1950 1951 Joseph L {Mankiewicz}
55%
1987 1990 Oliver Stone
55%
1976 1985 Milos Forman
51%
1962 1966 Robert {Wise}
48%
1952 1957 George {Stevens}
44%
1948 1955 Elia Kazan
43%
1954 1967 Fred {Zinnemann}
43%
1958 1963 David Lean
40%
1938 1945 Leo {McCarey}
36%
1929 1931 Lewis {Milestone}
35%
1930 1934 Frank {Lloyd}
33%
1929 1933 Frank {Borzage}
29%
No matching quizzes found
Score Distribution
Percent of People with Each Score
Percentile by Number Answered
Your Score History
You have not taken this quiz since the last reset